Actors with Golden Globe, No Oscar Nomination (2000s) Quiz Stats

 Plays Quiz not verified by Sporcle

Challenge
Share
Tweet
Embed
Score 0/78 Timer 07:00
0 Plays Today
Year/Award Actor % Correct
2003 Best ActorLeonardo DiCaprio
97.2%
2007 Best ActorLeonardo DiCaprio
97.2%
2009 Best ActorLeonardo DiCaprio
97.2%
2012 Best ActorLeonardo DiCaprio
97.2%
2004 Best ActressUma Thurman
95.8%
2005 Best ActressUma Thurman
95.8%
2004 Best ActorTom Cruise
95.6%
2009 Best Supporting ActorTom Cruise
95.6%
2000 Best ActorMatt Damon
95%
2004 Best ActorRussell Crowe
93.9%
2006 Best ActorRussell Crowe
93.9%
2000 Best Supporting ActressCameron Diaz
93.1%
2002 Best Supporting ActressCameron Diaz
93.1%
2003 Best Supporting ActressCameron Diaz
93.1%
2003 Best ActressMeryl Streep
91.7%
2005 Best Supporting ActressMeryl Streep
91.7%
2001 Best ActorMichael Douglas
90%
2004 Best ActressNicole Kidman
90%
2005 Best ActressNicole Kidman
90%
2011 Best Supporting ActorMichael Douglas
90%
2011 Best ActorMark Wahlberg
89.4%
2011 Best ActorRyan Gosling
86.7%
2012 Best ActorRyan Gosling
86.7%
2008 Best Supporting ActorJohn Travolta
86.4%
2008 Best ActorDenzel Washington
86.1%
2007 Best Supporting ActorJack Nicholson
84.2%
2011 Best Supporting ActressMila Kunis
84.2%
2008 Best ActressKeira Knightley
82.5%
2008 Best Supporting ActressJulia Roberts
81.9%
2002 Best Supporting ActorJude Law
81.4%
2004 Best ActressScarlett Johansson
80.6%
2005 Best ActressScarlett Johansson
80.6%
2006 Best Supporting ActressScarlett Johansson
80.6%
2010 Best ActorTobey Maguire
77.2%
2007 Best Supporting ActressEmily Blunt
72.8%
2010 Best ActressEmily Blunt
72.8%
2010 Best Supporting ActressJulianne Moore
72.5%
2007 Best Supporting ActorBen Affleck
71.4%
2012 Best ActorMichael Fassbender
71.1%
Year/Award Actor % Correct
2011 Best Supporting ActorAndrew Garfield
70.8%
2002 Best ActressTilda Swinton
70.6%
2012 Best ActressTilda Swinton
70.6%
2008 Best ActorJames McAvoy
68.9%
2004 Best ActressEvan Rachel Wood
68.3%
2005 Best ActorLiam Neeson
66.7%
2005 Best Supporting ActorDavid Carradine
64.7%
2001 Best Supporting ActressCatherine Zeta-Jones
62.8%
2008 Best ActressAngelina Jolie
61.4%
2006 Best Supporting ActorWill Ferrell
60.3%
2012 Best Supporting ActorViggo Mortensen
60%
2008 Best ActressJodie Foster
59.7%
2012 Best Supporting ActorAlbert Brooks
59.7%
2004 Best Supporting ActressMaria Bello
58.3%
2006 Best ActressMaria Bello
58.3%
2001 Best ActressBjörk
57.5%
2007 Best ActressMaggie Gyllenhaal
57.5%
2002 Best ActorKevin Spacey
56.1%
2004 Best Supporting ActorAlbert Finney
53.9%
2012 Best Supporting ActressShailene Woodley
53.9%
2002 Best ActorBilly Bob Thornton
53.6%
2006 Best ActressGwyneth Paltrow
53.1%
2003 Best Supporting ActorDennis Quaid
49.2%
2004 Best ActressCate Blanchett
46.9%
2002 Best Supporting ActorSteve Buscemi
46.4%
2005 Best ActorJavier Bardem
46.1%
2000 Best Supporting ActressNatalie Portman
45.6%
2011 Best ActressHalle Berry
44.4%
2006 Best Supporting ActressShirley MacLaine
40%
2006 Best ActressZiyi Zhang
37.8%
2002 Best Supporting ActorHayden Christensen
37.5%
2009 Best Supporting ActorRalph Fiennes
36.4%
2003 Best Supporting ActressSusan Sarandon
34.7%
2006 Best Supporting ActorBob Hoskins
31.1%
2004 Best Supporting ActorWilliam H. Macy
30.6%
2009 Best ActressKristin Scott Thomas
30.6%
2004 Best Supporting ActressHope Davis
28.9%
2004 Best Supporting ActorPeter Sarsgaard
25.8%
2000 Best ActressSigourney Weaver
20.8%

You're not logged in!

Compare scores with friends on all Sporcle quizzes.
Join for Free
OR
Log In

You Might Also Like...

Show Comments

Extras

Top Quizzes Today


Score Distribution

Your Account Isn't Verified!

In order to create a playlist on Sporcle, you need to verify the email address you used during registration. Go to your Sporcle Settings to finish the process.

Report this User

Report this user for behavior that violates our Community Guidelines.

Details: